Wyspy na literę A - Statystyki

Ogólne statystyki
  • Ten quiz został rozwiązany 2 razy
  • Średni wynik to 3 z 16
Statystyki odpowiedzi
Wyspa / Wyspy % Poprawnych
Andamany
100%
Andros
50%
Antyle
50%
Azory
50%
Adelajdy
0%
Admiralicji
0%
Alonisos
0%
Amczitka
0%
Amindiwy
0%
Amiranty
0%
Anglesey
0%
Anjou
0%
Anjouan
0%
Annienkowa
0%
Antwerpia
0%
Antypodów
0%
Nie znaleziono quizów pasujących do podanych kryteriów
Rozkład punktacji
Procent ludzi z każdym wynikiem
Percentyl według liczby udzielonych odpowiedzi
Twoja historia wyników
Nie rozwiązałeś tego quizu